000 00495nam a22001457a 4500
999 _c134132
_d134132
005 20240520120143.0
008 240520b ||||| |||| 00| 0 eng d
040 _cPK-LaUMT
082 _aAPC 297.4
_bALI-J
100 _aAli Asghar Chaudhary = علی اصغر چوہدری
245 _aJannat jin ki muntazir he = جنت جن کی منتظر ہے /
_cby Ali Asghar Chaudhary = علی اصغر چوہدری
260 _aLahore :
_bAl-Faisal Nashran,
_c2009
300 _a86 p.
942 _cBK